• 首页
  • 本馆介绍
  • 公告通知
  • 最新文献
  • 馆藏检索
  • 电子资源
  • 读者导购
  • 参考咨询
  • 我的图书馆
  • 登录
  • 详细信息显示
  • 放入我的书架
  • 预约/预借图书
  • 作者相关作品
  • 分类相关作品
  • 丛书相关作品
  • 出版社相关作品

书目信息

  • 表格格式
  • 工作单格式
  • 卡片格式
题名:
地理学史话
    
 
作者: 杜瑜 著
分册:  
出版信息: 北京   中国大百科全书出版社  2000
页数: 184页
开本: 19cm
丛书名: 中华文明史话
单 册:
中图分类: K90-09 , Z1
科图分类:
主题词: 地理学史--中国 , 丛书
电子资源:
ISBN: 7-5000-6328-8
000 00795oam2 2200265 450
001 1576378113
005 20151111132212.59
010    @a7-5000-6328-8@dCNY10.00
100    @a20001010d2000 em y0chiy0110 ea
101 0  @achi
102    @aCN@b110000
105    @ay z 000yd
200 1  @a地理学史话@9di li xue shi hua@f杜瑜著
210    @a北京@c中国大百科全书出版社@d2000
215    @a184页@d19cm
225 2  @a中华文明史话
330    @a本书概述了我国古代地理学发展过程,人们在生活生产实践中对地理环境的认识,介绍了在先秦就已出现的《山海经》、《禹贡》等专门的地理著作。
461  0 @12001 @a中华文明史话
606 0  @a地理学史@y中国
606 0  @a丛书
690    @aK90-09@v5
690    @aZ1@v4
701  0 @a杜瑜@9du yu@4著
801  0 @aCN@bTSSF@c20150122
905    @aZUCC@dZ1@eJY27:68
    
    地理学史话/杜瑜著.-北京:中国大百科全书出版社,2000
    184页;19cm.-(中华文明史话)
    
    
    ISBN 7-5000-6328-8:CNY10.00
    本书概述了我国古代地理学发展过程,人们在生活生产实践中对地理环境的认识,介绍了在先秦就已出现的《山海经》、《禹贡》等专门的地理著作。
●
相关链接 在E读中查询图书 在五车中查询图书 在当当中查询图书 在豆瓣中查询图书


正题名:地理学史话     索取号:Z1/JY27:68         预约/预借

序号 登录号 条形码 馆藏地/架位号 状态 备注
1 7844276   278442767   学院路分馆/ [索取号:Z1/JY27:68] 在馆    
2 7844277   278442776   学院路分馆/ [索取号:Z1/JY27:68] 在馆    
3 7844278   278442785   学院路分馆/ [索取号:Z1/JY27:68] 在馆    
4 7844279   278442794   学院路分馆/ [索取号:Z1/JY27:68] 在馆    
唐山师范学院图书馆 欢迎您!
大连网信软件有限公司© 版权所有